000 00587nam a22001937a 4500
005 20251108164914.0
008 250721s1982 xx 000 0 ara d
082 1 4 _a212/دره
100 1 _aالدره، محمد علي طه
245 1 0 _aتفسير القرآن الكريم و إعرابه و بيانه /
264 1 _aبيروت :
_bدار الحكمه،
_c1982.
300 _aمج1
650 1 7 _aالقرآن الكريم
650 1 7 _aتفسير القرآن
650 1 7 _aالإعراب
650 1 7 _aالإعجاز البلاغي
942 _2ddc
_cREF
999 _c17151
_d17151